书目信息 |
| 题名: |
竞技体育史
|
|
| 作者: | 颜绍泸 主编 | |
| 分册: | ||
| 出版信息: | 北京 人民体育出版社 2006 |
|
| 页数: | 303页 | |
| 开本: | 21cm | |
| 丛书名: | ||
| 单 册: | ||
| 中图分类: | G811.9 | |
| 科图分类: | ||
| 主题词: | 运动竞赛--体育运动史--世界--高等学校--教材 , 运动竞赛 , 体育运动史 | |
| 电子资源: | ||
| ISBN: | 978-7-5009-3000-6 | |
| 000 | 00831nam0 2200265 45 | |
| 001 | 1130722749 | |
| 005 | 20110310093758.71 | |
| 010 | @a978-7-5009-3000-6@dCNY16.00 | |
| 100 | @a20110122e20072006em y0chiy50 ea | |
| 101 | 0 | @achi |
| 102 | @aCN@b110000 | |
| 105 | @ay z 000yy | |
| 106 | @ar | |
| 200 | 1 | @a竞技体育史@AJing Ji Ti Yu Shi@f颜绍泸主编@FYan Shao Lu Zhu Bian |
| 210 | @a北京@c人民体育出版社@d2006@h2007 | |
| 215 | @a303页@d21cm | |
| 300 | @a体育院校通用教材 | |
| 330 | @a本书介绍了竞技体育的发端及历史演进、运动项目的形成和发展、国际竞技体育、中国的竞技体育等内容。 | |
| 606 | 0 | @a运动竞赛@x体育运动史@y世界@x高等学校@j教材 |
| 606 | 0 | @a运动竞赛 |
| 606 | 0 | @a体育运动史 |
| 690 | @aG811.9@v4 | |
| 701 | 0 | @a颜绍泸@AYan Shao Lu@4主编 |
| 801 | 0 | @aCN@bTANGWEI@c20110310 |
| 905 | @b0531714-17@dG811.9@e71@f4 | |
| 竞技体育史/颜绍泸主编.-北京:人民体育出版社,2006(2007) |
| 303页;21cm |
| 体育院校通用教材 |
| ISBN 978-7-5009-3000-6:CNY16.00 |
| 本书介绍了竞技体育的发端及历史演进、运动项目的形成和发展、国际竞技体育、中国的竞技体育等内容。 |
| ● |
| 相关链接 |
|
|
|
|
正题名:竞技体育史
索取号:G811.9/71
 
预约/预借
| 序号 | 登录号 | 条形码 | 馆藏地/架位号 | 状态 | 备注 |
| 1 | 0531714 | 205317147 | 第一样本阅览室/ [索取号:G811.9/71] | 在馆 | |
| 2 | 0531715 | 205317156 | 第四借阅区/ [索取号:G811.9/71] | 在馆 | |
| 3 | 0531716 | 205317165 | 第四借阅区/ [索取号:G811.9/71] | 在馆 | |
| 4 | 0531717 | 205317174 | 第四借阅区/ [索取号:G811.9/71] | 在馆 |